A light in the window / (Record no. 257)

MARC details
000 -LEADER
fixed length control field 01193cam a2200349 a 4500
005 - DATE AND TIME OF LATEST TRANSACTION
control field 20260322212012.0
008 - FIXED-LENGTH DATA ELEMENTS--GENERAL INFORMATION
fixed length control field data
010 ## - LIBRARY OF CONGRESS CONTROL NUMBER
LC control number 95035717
020 ## - INTERNATIONAL STANDARD BOOK NUMBER
International Standard Book Number 0140254544
020 ## - INTERNATIONAL STANDARD BOOK NUMBER
International Standard Book Number 9780140254549
040 ## - CATALOGING SOURCE
Original cataloging agency DLC
Transcribing agency DLC
Modifying agency DLC
043 ## - GEOGRAPHIC AREA CODE
Geographic area code n-us-nc
050 00 - LIBRARY OF CONGRESS CALL NUMBER
Classification number PS3561.A678
Item number L54 1996
082 00 - DEWEY DECIMAL CLASSIFICATION NUMBER
Classification number 813/.54
Edition information 20
001 - CONTROL NUMBER
control field data
100 1# - MAIN ENTRY--PERSONAL NAME
Personal name Karon, Jan,
Dates associated with a name 1937-
245 12 - TITLE STATEMENT
Title A light in the window /
Statement of responsibility, etc. Jan Karon.
260 ## - PUBLICATION, DISTRIBUTION, ETC.
Place of publication, distribution, etc. New York :
Name of publisher, distributor, etc. Penguin Books,
Date of publication, distribution, etc. 1996.
300 ## - PHYSICAL DESCRIPTION
Extent 413 p. :
Other physical details map ;
Dimensions 20 cm.
500 ## - GENERAL NOTE
General note Original issued in series: The Mitford years.
650 #0 - SUBJECT ADDED ENTRY--TOPICAL TERM
Topical term or geographic name entry element Mitford (N.C. : Imaginary place)
Form subdivision Fiction.
650 #0 - SUBJECT ADDED ENTRY--TOPICAL TERM
Topical term or geographic name entry element Church membership
Form subdivision Fiction.
650 #0 - SUBJECT ADDED ENTRY--TOPICAL TERM
Topical term or geographic name entry element Episcopalians
Form subdivision Fiction.
650 #0 - SUBJECT ADDED ENTRY--TOPICAL TERM
Topical term or geographic name entry element Clergy
Form subdivision Fiction.
650 #0 - SUBJECT ADDED ENTRY--TOPICAL TERM
Topical term or geographic name entry element Kavanagh, Timothy (Fictitious character)
Form subdivision Fiction.
651 #0 - SUBJECT ADDED ENTRY--GEOGRAPHIC NAME
Geographic name North Carolina
Form subdivision Fiction.
655 #7 - INDEX TERM--GENRE/FORM
Genre/form data or focus term Domestic fiction.
Source of term lcsh
655 #7 - INDEX TERM--GENRE/FORM
Genre/form data or focus term Christian fiction.
Source of term gsafd
800 1# - SERIES ADDED ENTRY--PERSONAL NAME
Personal name Karon, Jan,
Dates associated with a name 1937-
Title of a work Mitford years.
856 42 - ELECTRONIC LOCATION AND ACCESS
Materials specified Contributor biographical information
Uniform Resource Identifier <a href="http://www.loc.gov/catdir/enhancements/fy1207/95035717-b.html">http://www.loc.gov/catdir/enhancements/fy1207/95035717-b.html</a>
856 42 - ELECTRONIC LOCATION AND ACCESS
Materials specified Publisher description
Uniform Resource Identifier <a href="http://www.loc.gov/catdir/enhancements/fy1207/95035717-d.html">http://www.loc.gov/catdir/enhancements/fy1207/95035717-d.html</a>
Holdings
Withdrawn status Lost status Damaged status Not for loan Home library Current library Shelving location Date acquired Total checkouts Full call number Barcode Date last seen Price effective from Koha item type
        Troy Troy General stacks 22/03/2026   813/.54 20 BC0010266 22/03/2026 22/03/2026 Books